Library Banner

Cultural analytics / (Record no. 121996)

MARC details
000 -LEADER
fixed length control field 00689cam a22002298i 4500
001 - CONTROL NUMBER
control field 21534812
005 - DATE AND TIME OF LATEST TRANSACTION
control field 20210420152202.0
008 - FIXED-LENGTH DATA ELEMENTS--GENERAL INFORMATION
fixed length control field 200509s2020 mau b 001 0 eng
020 ## - INTERNATIONAL STANDARD BOOK NUMBER
International Standard Book Number 9780262037105
040 ## - CATALOGING SOURCE
Transcribing agency PK-LaUMT
082 00 - DEWEY DECIMAL CLASSIFICATION NUMBER
Classification number 306.0285
Edition number 23
Item number MAN-C
100 1# - MAIN ENTRY--PERSONAL NAME
Personal name Manovich, Lev
245 10 - TITLE STATEMENT
Title Cultural analytics /
Statement of responsibility, etc by Lev Manovich
260 ## - PUBLICATION, DISTRIBUTION, ETC. (IMPRINT)
Place of publication, distribution, etc London :
Name of publisher, distributor, etc The MIT Press,
Date of publication, distribution, etc 2020
300 ## - PHYSICAL DESCRIPTION
Extent 318 p.
650 #0 - SUBJECT ADDED ENTRY--TOPICAL TERM
Topical term or geographic name as entry element Culture
General subdivision Research
-- Statistical methods.
650 #0 - SUBJECT ADDED ENTRY--TOPICAL TERM
Topical term or geographic name as entry element Culture
General subdivision Research
-- Data processing.
650 #0 - SUBJECT ADDED ENTRY--TOPICAL TERM
Topical term or geographic name as entry element Mass media
General subdivision Research
-- Statistical methods.
650 #0 - SUBJECT ADDED ENTRY--TOPICAL TERM
Topical term or geographic name as entry element Mass media
General subdivision Research
-- Data processing.
650 #0 - SUBJECT ADDED ENTRY--TOPICAL TERM
Topical term or geographic name as entry element Information visualization.
942 ## - ADDED ENTRY ELEMENTS (KOHA)
Koha item type Books
Holdings
Withdrawn status Lost status Damaged status Home library Current library Date acquired Full call number Barcode Date last seen Price effective from Koha item type
      UMT Main Campus UMT Main Campus 2021-04-20 306.0285 MAN-C 137467 2021-04-20 2021-04-20 Books